Now and Forever

Guardado en:
書目詳細資料
主要作者: Steel, Danielle
格式: 圖書
語言:Undetermined
出版: Estados Unidos Dell Publishing 1985
主題:
標簽: 添加標簽
沒有標簽, 成為第一個標記此記錄!

MARC

LEADER 00000nam a2200000Ia 4500
008 170316s9999 xx 000 0 und d
040 |a cru BVZT 
090 |a 810 S-36.1n 
100 |a Steel, Danielle 
245 |a Now and Forever 
260 |a Estados Unidos 
260 |b Dell Publishing 
260 |c 1985 
300 |a 429 páginas 
650 |a LITERATURA ESTADOUNIDENSE 
650 |a NOVELA 
999 |c 6129  |d 6129 
942 |c 15 D  |h 810 S-36.1n  |2 z